|
|
|
|
| LEADER |
02096nam a2200493 i 4500 |
| 001 |
001841222 |
| 003 |
CZ BrMZK |
| 005 |
20230126100551.0 |
| 007 |
ta |
| 008 |
221124s1974 xr a e c 000 0dcze |
| 040 |
|
|
|a BOA001
|b cze
|e rda
|
| 043 |
|
|
|a e-xr---
|
| 045 |
|
|
|a x2x7
|
| 072 |
|
7 |
|a 74
|x Kresba. Umělecká řemesla
|2 Konspekt
|9 21
|
| 080 |
|
|
|a 745.52
|2 MRF
|
| 080 |
|
|
|a 7.036/.038
|2 MRF
|
| 080 |
|
|
|a (437.3)
|2 MRF
|
| 080 |
|
|
|a (083.824)
|2 MRF
|
| 100 |
1 |
|
|a Kybal, Antonín,
|d 1901-1971
|7 jk01071235
|4 art
|
| 245 |
1 |
0 |
|a Antonín Kybal
|
| 264 |
|
1 |
|a [Česko] :
|b [nakladatel není známý],
|c [1974]
|
| 264 |
|
3 |
|a Brno :
|b TISK, knižní výroba, n.p.
|
| 300 |
|
|
|a 42 nečíslovaných stran :
|b ilustrace ;
|c 22 cm
|
| 336 |
|
|
|a text
|b txt
|2 rdacontent
|
| 336 |
|
|
|a statický obraz
|b sti
|2 rdacontent
|
| 337 |
|
|
|a bez média
|b n
|2 rdamedia
|
| 338 |
|
|
|a svazek
|b nc
|2 rdacarrier
|
| 500 |
|
|
|a "Soubornou výstavu díla Antonína Kybala z let 1925-1971 uspořádal Svaz českých výtvarných umělců, Uměleckoprůmyslové muzeum v Praze a Moravská galerie v Brně ve výstavní síni Mánes v Praze ve dnech 26. února - 31. března 1974 a v Moravské galerii v Brně v dubnu - květnu 1974"--Tiráž
|
| 500 |
|
|
|a Název z obálky
|
| 500 |
|
|
|a Životopisná data a přehled výstav
|
| 600 |
1 |
7 |
|a Kybal, Antonín,
|d 1901-1971
|7 jk01071235
|2 czenas
|
| 648 |
|
4 |
|a 1925-1971
|
| 648 |
|
7 |
|a 20. století
|7 ch460558
|2 czenas
|
| 650 |
|
7 |
|a textilní výtvarnictví
|z Česko
|y 20. století
|7 ph126626
|2 czenas
|
| 650 |
|
7 |
|a moderní umění
|z Česko
|7 ph115340
|2 czenas
|
| 655 |
|
7 |
|a katalogy výstav
|7 fd132536
|2 czenas
|
| 710 |
2 |
|
|a Svaz českých výtvarných umělců
|7 ko20010087692
|4 orm
|
| 710 |
2 |
|
|a Uměleckoprůmyslové museum (Praha, Česko)
|7 kn20010709113
|4 orm
|
| 710 |
2 |
|
|a Moravská galerie (Brno, Česko)
|7 kn20020321233
|4 orm
|
| 710 |
2 |
|
|a Výstavní síň Mánes (Praha, Česko)
|7 kn20030919001
|4 orm
|
| 910 |
|
|
|a BOA001
|b 2-1498.164
|
| 990 |
|
|
|a BK
|
| 991 |
|
|
|b 202301
|
| 996 |
6 |
|
|b 2610923403
|c 2-1498.164
|l MZK
|r Sklad / do 1 hodiny
|n 0
|p dar
|w 001906654
|u 000010
|a 1
|e BOA001
|j MZK50
|s P
|